000 00893nam a2200241 i 4500
001 000028907
003 DO-SdBNP
005 20260119081133.0
007 ta
008 110412d2004 dr r 000 0 spa d
040 _aDO-SdBNP
_bspa
_cBNPHU
_erda
041 _aspa
082 4 _a347.05
_bR426m 2004
_222
110 1 _aRepública Dominicana
_bPoder Judicial
_cSuprema Corte de Justicia
_955712
240 1 0 _a[Leyes, etc.]
245 1 0 _aMedidas anticipadas a la vigencia del nuevo código para el sistema de protección y los derechos fundamentales de los niños y niñas adolescentes :
_bley 136-03 (resolución 602-2004), (resolución 699-2004).
264 1 _aSanto Domingo :
_bSuprema Corte de Justicia,
_c2004.
300 _a45 páginas ;
_c22 cm.
336 _atexto
_btxt
_2rdacontent
337 _asin mediación
_bn
_2rdamedia
338 _avolumen
_bnc
_2rdacarrier
942 _2ddc
_cLF2
999 _c28399
_d28399